01208nam a2200241 a 450000100100000000500170001000800410002702000150006804000250008324501440010826001160025230000360036849000520040450400550045650400730051170000490058470000480063370000320068171000720071383000590078595201050084499900170094900004174420201002035730.0131024s2005 sp ad 000 0 spa d a8400083505 aDO-SdBNPbspacBNPHU00aLa migración de europeos retirados en España /ceditores Vicente Rodríguez Rodríguez, María Angeles Casado Díaz, Andreas Huber. aMadrid :bConsejo Superior de Investigaciones Científicas :bInstituto de Estudios Sociales Avanzados,c2005. a343 p. :bil.,gráf. ;c24 cm.1 aPoliteya, estudios de político y sociedadv23 aIncluye bibliografía al final de cada capítulo aIncluye referencias bibliográficas y notas al pie de las páginas1 aRodríguez Rodríguez, Vicenteeed.9676261 aCasado Díaz, María Angeles,eed.9685921 aHuber, Andreas,eed.9685932 aConsejo Superior de Investigaciones Científicas (España)915178 0aPoliteya, estudios de político y sociedadv23968594 001050718MOaGRbGRcCTd2013-10-16iLF1l0o p41744-10r2020-06-25w2020-06-25y1ZNo se presta c41233d41233